[Event "IND-ch (Women) 33rd"]
[Site "Chennai"]
[Date "2006.12.07"]
[Round "1"]
[White "Kavitha, JE."]
[Black "Sachdev, Tania"]
[Result "1/2-1/2"]
[WhiteElo "2131"]
[BlackElo "2383"]
[PlyCount "84"]
[EventDate "2006.12.07"]
[EventType "swiss"]
[EventRounds "11"]
[EventCountry "IND"]
[SourceTitle "EXT 2010"]
[Source "ChessBase"]
[SourceDate "2010.11.25"]
[SourceVersion "1"]
[SourceVersionDate "2010.11.25"]
[SourceQuality "1"]

1. e4 c5 2. Nf3 e6 3. d4 cxd4 4. Nxd4 a6 5. Bd3 Qc7 6. 0-0 Nf6 7. Qe2 d6 8. c4 g6 9. Nc3 Bg7 10. Nf3 Nc6 11. Bf4 e5 12. Be3 Bg4 13. h3 Nd4 14. Bxd4 Bxf3 15. Qxf3 exd4 16. Nd5 Nxd5 17. exd5 0-0 18. Rfe1 Be5 19. Re2 b5 20. cxb5 axb5 21. Rc2 Qb7 22. a3 b4 23. a4 b3 24. Rcc1 Qb4 25. Bb5 d3 26. Qxd3 Qf4 27. g3 Qf6 28. Rab1 Bxb2 29. Rc4 Rfc8 30. Qxb3 Bd4 31. Rf1 Rxc4 32. Qxc4 Bc5 33. Kg2 Ra7 34. Bc6 Kg7 35. Qc2 h5 36. Re1 h4 37. g4 Re7 38. Rxe7 Qxe7 39. Qb2+ Kg8 40. Qb8+ Kg7 41. Qb2+ Kg8 42. Qb8+ Kg7 1/2-1/2

[Event "IND-ch (Women) 32nd"]
[Site "Visakhapatnam"]
[Date "2006.04.17"]
[Round "19"]
[White "Karavade, Eesha"]
[Black "Kavitha, JE."]
[Result "1/2-1/2"]
[WhiteElo "2332"]
[BlackElo "2126"]
[PlyCount "93"]
[EventDate "2006.04.03"]
[EventType "tourn"]
[EventRounds "19"]
[EventCountry "IND"]
[SourceTitle "CBM 111 Extra"]
[Source "ChessBase"]
[SourceDate "2006.05.09"]
[SourceVersion "1"]
[SourceVersionDate "2006.05.09"]
[SourceQuality "1"]

1. Nf3 Nf6 2. c4 e6 3. g3 b6 4. Bg2 Bb7 5. 0-0 d5 6. cxd5 exd5 7. d4 c5 8. Nc3 Nbd7 9. Bh1 Nh5 10. Bg5 Nhf6 11. Ne5 Be7 12. Nxd7 Qxd7 13. dxc5 bxc5 14. Bxf6 Bxf6 15. Bxd5 Bxd5 16. Nxd5 Bxb2 17. Rb1 Bd4 18. Nf4 Qc6 19. Qd3 0-0 20. Qc4 Rfe8 21. e3 Be5 22. Rb5 Bd6 23. Nd5 Re5 24. Nc3 Rae8 25. Rd1 Bf8 26. e4 h5 27. h4 g6 28. Ra5 Qc7 29. Ra6 R5e6 30. Nd5 Qd8 31. Rxa7 Rxe4 32. Qc3 R4e5 33. Ne7+ Qxe7 34. Rxe7 R5xe7 35. a4 Ra7 36. Qc4 Rea8 37. Ra1 Bg7 38. Ra2 Bd4 39. Kg2 Ra5 40. Ra3 R8a6 41. f3 Kg7 42. g4 hxg4 43. fxg4 Re6 44. Rb3 Ra7 45. g5 Rae7 46. Kf3 Re4 47. a5 1/2-1/2

[Event "IND-ch (Women) 32nd"]
[Site "Visakhapatnam"]
[Date "2006.04.14"]
[Round "15"]
[White "Meenakshi, Subbaraman"]
[Black "Kavitha, JE."]
[Result "1-0"]
[WhiteElo "2289"]
[BlackElo "2126"]
[PlyCount "143"]
[EventDate "2006.04.03"]
[EventType "tourn"]
[EventRounds "19"]
[EventCountry "IND"]
[SourceTitle "CBM 111 Extra"]
[Source "ChessBase"]
[SourceDate "2006.05.09"]
[SourceVersion "1"]
[SourceVersionDate "2006.05.09"]
[SourceQuality "1"]

1. d4 Nf6 2. Nc3 d5 3. Bg5 Bf5 4. Bxf6 gxf6 5. Nf3 Nc6 6. Nh4 Bg6 7. e3 Qd7 8. Bb5 a6 9. Nxg6 fxg6 10. Ba4 e6 11. 0-0 Bg7 12. e4 b5 13. exd5 exd5 14. Bb3 Ne7 15. Re1 c6 16. Qe2 Ra7 17. Rad1 0-0 18. Ne4 Nf5 19. Nc5 Qd6 20. Qe6+ Qxe6 21. Rxe6 Rc8 22. Rxc6 Rxc6 23. Bxd5+ Kh8 24. Bxc6 Bf8 25. c3 Rc7 26. Be4 Bxc5 27. dxc5 Rxc5 28. Kf1 Kg7 29. Rd7+ Kh6 30. Bxf5 gxf5 31. Rd6 a5 32. Rxf6+ Kg7 33. Rd6 b4 34. Rd3 a4 35. cxb4 Rc2 36. Ra3 Rxb2 37. Rxa4 Kg6 38. g3 Kg5 39. a3 Rb3 40. Ra5 h5 41. Kg2 Kg6 42. b5 h4 43. gxh4 Kh5 44. b6 Rxb6 45. Rxf5+ Kxh4 46. a4 Rb4 47. a5 Ra4 48. Re5 Ra3 49. h3 Rxa5 50. Re4+ Kg5 51. Kg3 Ra1 52. Re5+ Kf6 53. Rb5 Rg1+ 54. Kf4 Ra1 55. Rb6+ Kg7 56. h4 Ra4+ 57. Kg5 Ra5+ 58. Kg4 Ra4+ 59. f4 Ra1 60. h5 Rg1+ 61. Kf5 Rh1 62. h6+ Kh7 63. Ke5 Re1+ 64. Kf6 Kxh6 65. Rb2 Rh1 66. f5 Kh7 67. Kf7 Kh6 68. f6 Rf1 69. Rh2+ Kg5 70. Kg7 Rg1 71. f7 Kf5+ 72. Kh7 1-0

[Event "IND-ch (Women) 32nd"]
[Site "Visakhapatnam"]
[Date "2006.04.12"]
[Round "11"]
[White "Gokhale, Anupama"]
[Black "Kavitha, JE."]
[Result "0-1"]
[WhiteElo "2198"]
[BlackElo "2126"]
[PlyCount "80"]
[EventDate "2006.04.03"]
[EventType "tourn"]
[EventRounds "19"]
[EventCountry "IND"]
[SourceTitle "CBM 111 Extra"]
[Source "ChessBase"]
[SourceDate "2006.05.09"]
[SourceVersion "1"]
[SourceVersionDate "2006.05.09"]
[SourceQuality "1"]

1. d4 Nf6 2. Nf3 e6 3. e3 b6 4. Bd3 Bb7 5. 0-0 d6 6. b3 Nbd7 7. Bb2 Be7 8. Nbd2 d5 9. Ne5 0-0 10. Qf3 Ne8 11. Rad1 f5 12. Qe2 c5 13. Ndf3 Ndf6 14. c4 Nd6 15. cxd5 exd5 16. dxc5 bxc5 17. Ba6 Qb6 18. Bxb7 Nxb7 19. Qc2 Nd6 20. Ng5 Nde4 21. h4 Rad8 22. Nd3 Ng4 23. Nf4 Nxg5 24. hxg5 Bxg5 25. Nh3 Qd6 26. f4 Bf6 27. Rfe1 Bxb2 28. Qxb2 Qe7 29. Ng5 Nxe3 30. Rc1 d4 31. b4 Rb8 32. Qb3+ Kh8 33. a3 Qb7 34. Rxe3 dxe3 35. Qxe3 cxb4 36. Qh3 h6 37. axb4 Qxb4 38. Rf1 Kg8 39. Kh1 hxg5 40. fxg5 Qg4 0-1

[Event "IND-ch (Women) 32nd"]
[Site "Visakhapatnam"]
[Date "2006.04.07"]
[Round "6"]
[White "Swati, Mohota"]
[Black "Kavitha, JE."]
[Result "1/2-1/2"]
[WhiteElo "2160"]
[BlackElo "2126"]
[PlyCount "49"]
[EventDate "2006.04.03"]
[EventType "tourn"]
[EventRounds "19"]
[EventCountry "IND"]
[SourceTitle "CBM 111 Extra"]
[Source "ChessBase"]
[SourceDate "2006.05.09"]
[SourceVersion "1"]
[SourceVersionDate "2006.05.09"]
[SourceQuality "1"]

1. d4 Nf6 2. c4 e6 3. Nc3 Bb4 4. e3 c5 5. Bd3 Nc6 6. Nf3 Bxc3+ 7. bxc3 d6 8. 0-0 e5 9. Nd2 0-0 10. Rb1 b6 11. Qc2 h6 12. h3 Ne8 13. f4 exf4 14. exf4 f5 15. d5 Ne7 16. Nf3 Nf6 17. Re1 Rb8 18. Bd2 Bd7 19. Nh4 Nh7 20. Nf3 Rf7 21. Re2 Nf8 22. Qd1 Qc7 23. Qc2 Qc8 24. Rbe1 Qd8 25. g3 1/2-1/2

[Event "IND-ch (Women) 32nd"]
[Site "Visakhapatnam"]
[Date "2006.04.05"]
[Round "3"]
[White "Kavitha, JE."]
[Black "Iswarya, Shobhana L"]
[Result "0-1"]
[WhiteElo "2126"]
[BlackElo "2150"]
[PlyCount "92"]
[EventDate "2006.04.03"]
[EventType "tourn"]
[EventRounds "19"]
[EventCountry "IND"]
[SourceTitle "CBM 111 Extra"]
[Source "ChessBase"]
[SourceDate "2006.05.09"]
[SourceVersion "1"]
[SourceVersionDate "2006.05.09"]
[SourceQuality "1"]

1. e4 c5 2. Nf3 d6 3. d4 cxd4 4. Nxd4 Nf6 5. Nc3 a6 6. Be3 e5 7. Nb3 Be6 8. f3 Nbd7 9. Qd2 b5 10. a4 b4 11. Nd5 Bxd5 12. exd5 Nb6 13. Bxb6 Qxb6 14. a5 Qb7 15. Bc4 g6 16. Ra4 Rb8 17. Nc1 h5 18. Na2 Bh6 19. Qd3 0-0 20. Rxb4 Qa7 21. Rxb8 Rxb8 22. b4 e4 23. fxe4 Re8 24. Nc3 Nxe4 25. Nxe4 f5 26. Qg3 Rxe4+ 27. Be2 Kh7 28. Qc3 Qe7 29. Qd3 Qe5 30. c3 Re3 31. Qxa6 Rxc3 32. 0-0 Bf4 33. Bf3 Qd4+ 34. Kh1 Be5 35. Qb7+ Kh6 36. Qb5 Rc4 37. Qb8 Qf4 38. Qf8+ Bg7 39. Qe7 Re4 40. Qd8 Rxb4 41. a6 Qc4 42. Re1 Qxa6 43. h4 Qc4 44. Qg5+ Kh7 45. g3 Rb2 46. Bxh5 Qxd5+ 0-1

[Event "Asia-ch U20 Girls"]
[Site "Bikaner"]
[Date "2004.12.27"]
[Round "8"]
[White "Kavitha, JE."]
[Black "Foudzi, Sitii Zulaikha"]
[Result "1/2-1/2"]
[WhiteElo "2088"]
[BlackElo "2162"]
[PlyCount "110"]
[EventDate "2004.12.22"]
[EventType "swiss"]
[EventRounds "11"]
[EventCountry "IND"]
[SourceTitle "CBM 104 Extra"]
[Source "ChessBase"]
[SourceDate "2005.03.01"]
[SourceVersion "1"]
[SourceVersionDate "2005.03.01"]
[SourceQuality "1"]

1. e4 c5 2. Nf3 Nc6 3. d4 cxd4 4. Nxd4 g6 5. c4 Nf6 6. Nc3 d6 7. Be2 Nxd4 8. Qxd4 Bg7 9. Be3 0-0 10. Qd2 Be6 11. 0-0 Qa5 12. f3 Rfc8 13. b3 a6 14. Rfc1 Nd7 15. Rab1 b5 16. b4 Qc7 17. Nd5 Bxd5 18. cxb5 Qd8 19. exd5 axb5 20. Bxb5 Ra3 21. Rxc8 Qxc8 22. Rc1 Qd8 23. Rc2 Nf6 24. Qc1 Ra8 25. Bc6 Rb8 26. Qd2 e5 27. a4 e4 28. a5 exf3 29. gxf3 Nd7 30. f4 Nf6 31. Ba7 Ne4 32. Qe1 f5 33. Bxb8 Qxb8 34. b5 Bd4+ 35. Kg2 Qd8 36. b6 g5 37. Qc1 g4 38. Qe1 Qf6 39. b7 Ba7 40. Qb1 Bb8 41. Qb3 h5 42. a6 Qd4 43. Qc4 Qe3 44. Qf1 Qh3+ 45. Kg1 Ba7+ 46. Rf2 Qb3 47. Bb5 Bxf2+ 48. Qxf2 Qxb5 49. Qc2 Qb6+ 50. Kg2 Kg7 51. Qa2 Qe3 52. Qb2+ Kg6 53. b8Q Qf3+ 54. Kg1 Qd1+ 55. Kg2 Qf3+ 1/2-1/2

[Event "Wch U20 Girls 22nd"]
[Site "Cochin"]
[Date "2004.11.24"]
[Round "8"]
[White "Ghader Pour, Shayesteh"]
[Black "Kavitha, JE."]
[Result "0-1"]
[WhiteElo "2025"]
[BlackElo "2088"]
[PlyCount "78"]
[EventDate "2004.11.20"]
[EventType "swiss"]
[EventRounds "13"]
[EventCountry "IND"]
[SourceTitle "CBM 103 Extra"]
[Source "ChessBase"]
[SourceDate "2005.01.01"]
[SourceVersion "1"]
[SourceVersionDate "2005.01.01"]
[SourceQuality "1"]

1. e4 c5 2. c3 d5 3. exd5 Qxd5 4. d4 Nf6 5. Nf3 e6 6. Be3 cxd4 7. cxd4 Nc6 8. Nc3 Qd6 9. a3 Be7 10. Bd3 0-0 11. Qc2 g6 12. Rd1 a6 13. 0-0 Rd8 14. Ne4 Qb8 15. Bg5 Ng4 16. g3 Bxg5 17. Nexg5 Nf6 18. Ne4 Nd5 19. Nc5 Nce7 20. Qe2 Qa7 21. Bb1 b6 22. Ne4 Bd7 23. Bd3 Be8 24. h4 Nf5 25. h5 b5 26. Neg5 Nfe7 27. Kg2 Nf6 28. Nxe6 Rd6 29. Nf4 Ned5 30. Nxd5 Rxd5 31. hxg6 hxg6 32. Rc1 Bd7 33. Rfe1 Kg7 34. Be4 Re8 35. Bxd5 Rxe2 36. Rxe2 Nxd5 37. Rc5 Qb7 38. Kg1 Bg4 39. Kg2 Nf4+ 0-1

[Event "Asia-ch (Women) 10th"]
[Site "Calicut"]
[Date "2003.08.21"]
[Round "5"]
[White "Kavitha, JE."]
[Black "Karavade, Eesha"]
[Result "1-0"]
[WhiteElo "2066"]
[BlackElo "2218"]
[PlyCount "115"]
[EventDate "2003.08.17"]
[EventType "swiss"]
[EventRounds "9"]
[EventCountry "IND"]
[SourceTitle "CBM 095 Extra"]
[Source "ChessBase"]
[SourceDate "2003.09.04"]
[SourceVersion "1"]
[SourceVersionDate "2003.09.04"]
[SourceQuality "1"]

1. e4 c5 2. Nf3 d6 3. d4 cxd4 4. Nxd4 Nf6 5. Nc3 a6 6. Be3 e5 7. Nb3 Be6 8. f3 Nbd7 9. Qd2 b5 10. a4 b4 11. Nd5 Bxd5 12. exd5 Nb6 13. Bxb6 Qxb6 14. a5 Qb7 15. Bc4 Be7 16. Ra4 Rb8 17. Nc1 Bd8 18. b3 0-0 19. Na2 e4 20. Kd1 Re8 21. Rxb4 Qa7 22. Rxb8 Qxb8 23. Re1 Qc8 24. Bf1 h6 25. b4 Re5 26. c4 Qb7 27. Kc2 Qa7 28. Nc3 e3 29. Qd3 Qb7 30. Na2 Qa7 31. Kb3 Bc7 32. Nc3 Qb8 33. Ka3 Qa7 34. Nd1 Re8 35. Rxe3 Rb8 36. Qd2 Qb7 37. Nb2 Nd7 38. Be2 Ne5 39. f4 Nd7 40. Bd1 Kf8 41. Ba4 Bd8 42. Bc6 Qa7 43. Na4 Bf6 44. Qd3 Kg8 45. g4 Nf8 46. Nb6 Rd8 47. Re4 Ng6 48. Qe3 Ne7 49. Ba4 Qc7 50. Qe1 Ng6 51. Re8+ Kh7 52. Bc2 Bd4 53. Re7 Qb8 54. Rxf7 Re8 55. Re7 Rxe7 56. Qxe7 Bxb6 57. axb6 Qxb6 58. Qe4 1-0

[Event "Asia-ch (Women) 10th"]
[Site "Calicut"]
[Date "2003.08.19"]
[Round "3"]
[White "Kavitha, JE."]
[Black "Nguyen, Thi Thanh An"]
[Result "1/2-1/2"]
[WhiteElo "2066"]
[BlackElo "2335"]
[PlyCount "54"]
[EventDate "2003.08.17"]
[EventType "swiss"]
[EventRounds "9"]
[EventCountry "IND"]
[SourceTitle "CBM 095 Extra"]
[Source "ChessBase"]
[SourceDate "2003.09.04"]
[SourceVersion "1"]
[SourceVersionDate "2003.09.04"]
[SourceQuality "1"]

1. e4 c5 2. Nf3 Nc6 3. d4 cxd4 4. Nxd4 g6 5. c4 Bg7 6. Be3 Nf6 7. Nc3 0-0 8. Be2 d6 9. 0-0 a6 10. f3 Nxd4 11. Bxd4 Be6 12. Nd5 Bxd5 13. exd5 Nd7 14. Bxg7 Kxg7 15. Qd4+ Kg8 16. Kh1 Qb6 17. Qd2 Rac8 18. b3 Nf6 19. g4 Qc5 20. g5 Nd7 21. f4 b5 22. b4 Qb6 23. cxb5 axb5 24. Qd3 Rc4 25. Qh3 Rc7 26. Bg4 Qb7 27. Rad1 f5 1/2-1/2

[Event "IND-ch (Women) 29th"]
[Site "Mumbai"]
[Date "2003.01.??"]
[Round "9"]
[White "Kavitha, JE."]
[Black "Mohota, Nisha"]
[Result "0-1"]
[WhiteElo "2061"]
[BlackElo "2284"]
[PlyCount "104"]
[EventDate "2003.01.23"]
[EventType "tourn"]
[EventRounds "13"]
[EventCountry "IND"]
[SourceTitle "CBM 092 Extra"]
[Source "ChessBase"]
[SourceDate "2003.03.07"]
[SourceVersion "1"]
[SourceVersionDate "2003.03.07"]
[SourceQuality "1"]

1. e4 c5 2. Nf3 d6 3. d4 cxd4 4. Nxd4 Nf6 5. Nc3 a6 6. Be3 e5 7. Nb3 Be6 8. f3 h5 9. Qd2 Nbd7 10. Qf2 Rc8 11. 0-0-0 Rxc3 12. bxc3 d5 13. Bd3 Ba3+ 14. Kd2 dxe4 15. fxe4 Bg4 16. Ke1 Bxd1 17. Kxd1 Qc7 18. c4 Ng4 19. Qf3 Nxe3+ 20. Qxe3 Nb6 21. Qg5 0-0 22. Qxh5 Nxc4 23. Qe2 Rd8 24. Ke1 Bb4+ 25. Kf1 Nb2 26. h4 Nxd3 27. cxd3 a5 28. Qd1 Rc8 29. Na1 Qc1 30. Kf2 Qb2+ 31. Qe2 Qd4+ 32. Kg3 Rc3 33. Rd1 f5 34. Kh2 Qd8 35. g3 f4 36. Qf3 Ra3 37. Qe2 a4 38. Kh3 Qd7+ 39. g4 Bc3 40. Nc2 Rxa2 41. d4 exd4 42. Qc4+ Qf7 43. Qxf7+ Kxf7 44. Nxd4 Rd2 45. Rxd2 Bxd2 46. g5 a3 47. h5 a2 48. Nb3 Bc3 49. Kg4 Be5 50. Kf5 f3 51. g6+ Kg8 52. Kxe5 f2 0-1

[Event "IND-ch (Women) 29th"]
[Site "Mumbai"]
[Date "2003.01.??"]
[Round "6"]
[White "Pratihba, Yuvaraj"]
[Black "Kavitha, JE."]
[Result "1/2-1/2"]
[WhiteElo "2194"]
[BlackElo "2061"]
[PlyCount "105"]
[EventDate "2003.01.23"]
[EventType "tourn"]
[EventRounds "13"]
[EventCountry "IND"]
[SourceTitle "CBM 092 Extra"]
[Source "ChessBase"]
[SourceDate "2003.03.07"]
[SourceVersion "1"]
[SourceVersionDate "2003.03.07"]
[SourceQuality "1"]

1. e4 c5 2. Nf3 e6 3. d4 cxd4 4. Nxd4 Nc6 5. Nb5 d6 6. c4 Nf6 7. N1c3 a6 8. Na3 Be7 9. Be2 0-0 10. Be3 b6 11. 0-0 Ne5 12. Qb3 Ned7 13. Rfd1 Bb7 14. f3 Rc8 15. Rac1 Qc7 16. Kh1 Rfe8 17. Bf1 Qb8 18. Nab1 Bd8 19. Bg1 Bc7 20. Ne2 Kh8 21. a3 g5 22. Qc3 Rg8 23. b4 Rg6 24. Qe3 Rcg8 25. Nbc3 Ne5 26. Na4 Rh6 27. Nec3 d5 28. h3 Nxc4 29. Bxc4 dxc4 30. Qd4 b5 31. Nc5 Bc8 32. Ne2 Be5 33. Qd2 Bf4 34. Nxf4 gxf4 35. Qd6 Qxd6 36. Rxd6 e5 37. Nxa6 Rhg6 38. Nc5 h6 39. a4 bxa4 40. b5 a3 41. b6 a2 42. Ra1 Bxh3 43. g4 fxg3 44. Be3 Ne8 45. Rxg6 Rxg6 46. b7 Rb6 47. Rxa2 Rb1+ 48. Bg1 Kh7 49. Ra8 Rb2 50. Be3 Rb1+ 51. Bg1 Rb2 52. Be3 Rb1+ 53. Bg1 1/2-1/2

[Event "IND-ch (Women) 29th"]
[Site "Mumbai"]
[Date "2003.01.??"]
[Round "8"]
[White "Swati, Ghate"]
[Black "Kavitha, JE."]
[Result "1-0"]
[WhiteElo "2261"]
[BlackElo "2061"]
[PlyCount "42"]
[EventDate "2003.01.23"]
[EventType "tourn"]
[EventRounds "13"]
[EventCountry "IND"]
[SourceTitle "CBM 092 Extra"]
[Source "ChessBase"]
[SourceDate "2003.03.07"]
[SourceVersion "1"]
[SourceVersionDate "2003.03.07"]
[SourceQuality "1"]

1. e4 c5 2. Nf3 e6 3. d4 cxd4 4. Nxd4 Nc6 5. Nc3 a6 6. Be2 Qc7 7. 0-0 Nf6 8. Be3 Bb4 9. Na4 Be7 10. Nxc6 bxc6 11. Nb6 Rb8 12. Nxc8 Qxc8 13. Bd4 c5 14. Be5 Rb6 15. b3 0-0 16. Qd3 d6 17. Bc3 Nd7 18. Rad1 Bf6 19. Ba5 Rc6 20. Qg3 Qb8 21. f4 Qa7 1-0

[Event "IND-ch (Women) 29th"]
[Site "Mumbai"]
[Date "2003.01.??"]
[Round "2"]
[White "Vijayalakshmi, Subbaraman"]
[Black "Kavitha, JE."]
[Result "1-0"]
[WhiteElo "2416"]
[BlackElo "2061"]
[PlyCount "68"]
[EventDate "2003.01.23"]
[EventType "tourn"]
[EventRounds "13"]
[EventCountry "IND"]
[SourceTitle "CBM 092 Extra"]
[Source "ChessBase"]
[SourceDate "2003.03.07"]
[SourceVersion "1"]
[SourceVersionDate "2003.03.07"]
[SourceQuality "1"]

1. e4 e5 2. Nf3 Nc6 3. Bb5 a6 4. Ba4 Nf6 5. d4 exd4 6. 0-0 Be7 7. Qe2 b5 8. Bb3 d6 9. a4 Rb8 10. c3 dxc3 11. Nxc3 Bg4 12. Rd1 Ne5 13. Bf4 Bxf3 14. gxf3 Qc8 15. Kg2 Ng6 16. Bg3 0-0 17. axb5 axb5 18. f4 b4 19. Nd5 Nxd5 20. Bxd5 Bf6 21. e5 Be7 22. Rac1 Kh8 23. Qh5 Rb6 24. Be4 f5 25. exf6 Rxf6 26. Kh1 c5 27. Re1 Bf8 28. Bh4 Qh3 29. Bxg6 Rxg6 30. Rg1 d5 31. f5 Rh6 32. Qf7 Rbf6 33. Qxd5 Rxh4 34. Rg2 Qxf5 1-0

[Event "Wch U20 Girls 19th"]
[Site "Goa"]
[Date "2002.12.17"]
[Round "10"]
[White "Delphin, C."]
[Black "Kavitha, JE."]
[Result "1/2-1/2"]
[WhiteElo "2084"]
[BlackElo "2064"]
[PlyCount "70"]
[EventDate "2002.12.09"]
[EventType "swiss"]
[EventRounds "13"]
[EventCountry "IND"]
[SourceTitle "CBM 091 Extra"]
[Source "ChessBase"]
[SourceDate "2003.01.09"]
[SourceVersion "1"]
[SourceVersionDate "2003.01.09"]
[SourceQuality "1"]

1. e4 c5 2. Nf3 e6 3. d4 cxd4 4. Nxd4 Nc6 5. Nc3 a6 6. Be2 Qc7 7. Be3 Nf6 8. 0-0 Bb4 9. Na4 Be7 10. Nxc6 bxc6 11. Nb6 Rb8 12. Nxc8 Qxc8 13. e5 Nd5 14. Bc1 Bc5 15. c4 Ne7 16. b3 Qc7 17. Bb2 Ng6 18. Qd3 0-0 19. Qe4 d6 20. exd6 Bxd6 21. g3 Rfd8 22. Rad1 Qa5 23. Qxc6 Qxa2 24. Rxd6 Qxb2 25. Rfd1 Rf8 26. Qe4 Qxb3 27. Rxa6 Qc3 28. Qd4 Qxd4 29. Rxd4 Rfc8 30. Ra1 Ne5 31. f4 Nc6 32. Rd6 Nd8 33. Rd7 Rb7 34. Rd6 Rbb8 35. Rd7 Rb7 1/2-1/2

[Event "Wch U20 Girls 19th"]
[Site "Goa"]
[Date "2002.12.12"]
[Round "6"]
[White "Kavitha, JE."]
[Black "Moser, Eva"]
[Result "0-1"]
[WhiteElo "2064"]
[BlackElo "2371"]
[PlyCount "124"]
[EventDate "2002.12.09"]
[EventType "swiss"]
[EventRounds "13"]
[EventCountry "IND"]
[SourceTitle "CBM 091 Extra"]
[Source "ChessBase"]
[SourceDate "2003.01.09"]
[SourceVersion "1"]
[SourceVersionDate "2003.01.09"]
[SourceQuality "1"]

1. e4 c5 2. Nf3 Nc6 3. d4 cxd4 4. Nxd4 Nf6 5. Nc3 e5 6. Ndb5 d6 7. Bg5 a6 8. Na3 b5 9. Bxf6 gxf6 10. Nd5 f5 11. Bd3 Be6 12. Qh5 Rg8 13. g3 Nd4 14. c3 fxe4 15. Bxe4 Bg4 16. Qxh7 Rg7 17. Qh6 Nf3+ 18. Kf1 Rg5 19. Qh7 Nd2+ 20. Ke1 Rg7 21. Qxg7 Bxg7 22. Kxd2 Rb8 23. Nc2 a5 24. a3 Qc8 25. Nce3 Be6 26. Ke2 f5 27. Bg2 Bh6 28. f4 Bxd5 29. Nxd5 Qc4+ 30. Kf2 Qc5+ 31. Ke2 exf4 32. Rhe1 fxg3 33. Kf1+ Kf8 34. hxg3 Bg7 35. Bf3 Re8 36. Rxe8+ Kxe8 37. Re1+ Kf8 38. Kg2 Be5 39. Rf1 Kg7 40. Kh2 Qc4 41. Rf2 Qh4+ 42. Kg1 Bxg3 43. Rg2 Kf8 44. Ne3 Qf4 45. Nf1 Qxf3 46. Rxg3 Qf4 47. Rg2 Ke7 48. Nd2 Kf6 49. Rf2 Qg4+ 50. Kf1 Qd1+ 51. Kg2 Qg4+ 52. Kf1 f4 53. Nf3 Qg3 54. Ke2 Qg4 55. Kf1 Qh3+ 56. Ke1 Qh7 57. Kf1 Qh1+ 58. Ng1 Kf5 59. Rg2 Ke4 60. Kf2 Qh4+ 61. Ke2 Qh5+ 62. Nf3 Qxf3+ 0-1

[Event "Wch U20 Girls 19th"]
[Site "Goa"]
[Date "2002.12.10"]
[Round "2"]
[White "Kavitha, JE."]
[Black "Priya Panneer, Ramachandran"]
[Result "0-1"]
[WhiteElo "2064"]
[BlackElo "2106"]
[PlyCount "72"]
[EventDate "2002.12.09"]
[EventType "swiss"]
[EventRounds "13"]
[EventCountry "IND"]
[SourceTitle "CBM 091 Extra"]
[Source "ChessBase"]
[SourceDate "2003.01.09"]
[SourceVersion "1"]
[SourceVersionDate "2003.01.09"]
[SourceQuality "1"]

1. e4 e5 2. Nf3 Nf6 3. Nxe5 d6 4. Nf3 Nxe4 5. d4 d5 6. Bd3 Bd6 7. 0-0 0-0 8. c4 c6 9. Nc3 Nxc3 10. bxc3 dxc4 11. Bxc4 Bg4 12. Qd3 Bh5 13. Bg5 Qa5 14. Bh4 Nd7 15. Rae1 Rae8 16. Bg3 Bxg3 17. hxg3 Bg6 18. Qd2 Rxe1 19. Rxe1 Nf6 20. Rc1 Nd5 21. Ne5 Bf5 22. Qg5 Be6 23. Bd3 Qxa2 24. Qh5 Nf6 25. Qd1 Qa5 26. f4 Bd5 27. Qe2 Qa3 28. Qe1 Rd8 29. Ra1 Qb2 30. Be2 Ne4 31. c4 Nxg3 32. cxd5 Nxe2+ 33. Kh1 Nxf4 34. Qf1 Qxd4 35. dxc6 Qxe5 36. cxb7 Ne2 0-1

[Event "Wch U20 Girls 19th"]
[Site "Goa"]
[Date "2002.12.10"]
[Round "3"]
[White "Nabeela, S Farheen"]
[Black "Kavitha, JE."]
[Result "1/2-1/2"]
[WhiteElo "2067"]
[BlackElo "2064"]
[PlyCount "88"]
[EventDate "2002.12.09"]
[EventType "swiss"]
[EventRounds "13"]
[EventCountry "IND"]
[SourceTitle "CBM 091 Extra"]
[Source "ChessBase"]
[SourceDate "2003.01.09"]
[SourceVersion "1"]
[SourceVersionDate "2003.01.09"]
[SourceQuality "1"]

1. e4 c5 2. Nf3 e6 3. d4 cxd4 4. Nxd4 Nc6 5. Nc3 a6 6. Be2 Qc7 7. Be3 Nf6 8. 0-0 Bb4 9. Na4 Be7 10. Nxc6 bxc6 11. Nb6 Rb8 12. Nxc8 Qxc8 13. e5 Nd5 14. Bc1 Bc5 15. c4 Ne7 16. b3 Qc7 17. Bb2 Ng6 18. Qd3 0-0 19. Qe4 d6 20. exd6 Bxd6 21. g3 Rfd8 22. Rad1 Qa5 23. Qxc6 Qxa2 24. Rxd6 Qxb2 25. Rfd1 Rf8 26. Qe4 Qxb3 27. Rxa6 Qc3 28. Qd4 Qxd4 29. Rxd4 Rb2 30. Bf1 Rc8 31. Kg2 h6 32. Rad6 Rbb8 33. Rd2 Ne5 34. Rc2 Rc5 35. f4 Nc6 36. Kf2 Na5 37. Ke3 Rbc8 38. Rd4 Kf8 39. Kf3 Ke7 40. Ke3 Kf6 41. Kf3 Ke7 42. Ke3 Nb3 43. Rd1 Na5 44. Rd4 Nb3 1/2-1/2

[Event "Wch U20 Girls 19th"]
[Site "Goa"]
[Date "2002.12.09"]
[Round "1"]
[White "Matras Clement, Agnieszka"]
[Black "Kavitha, JE."]
[Result "1-0"]
[WhiteElo "2247"]
[BlackElo "2064"]
[PlyCount "79"]
[EventDate "2002.12.09"]
[EventType "swiss"]
[EventRounds "13"]
[EventCountry "IND"]
[SourceTitle "CBM 091 Extra"]
[Source "ChessBase"]
[SourceDate "2003.01.09"]
[SourceVersion "1"]
[SourceVersionDate "2003.01.09"]
[SourceQuality "1"]

1. e4 c5 2. Nc3 Nc6 3. f4 g6 4. Nf3 Bg7 5. Bb5 Nd4 6. Nxd4 cxd4 7. Ne2 a6 8. Bd3 e6 9. 0-0 Ne7 10. c3 Nc6 11. e5 d6 12. exd6 Qxd6 13. Be4 d3 14. Ng3 f5 15. Bf3 0-0 16. b3 e5 17. fxe5 Nxe5 18. a4 Be6 19. Kh1 Qb6 20. Rb1 Rad8 21. Ba3 Rfe8 22. c4 h5 23. Re1 h4 24. Nf1 Bd7 25. Ne3 Bc6 26. Bxc6 Qxc6 27. h3 f4 28. Nd5 Rxd5 29. cxd5 Qxd5 30. Rf1 f3 31. gxf3 Qd7 32. Kg2 Qf5 33. f4 Qe4+ 34. Kg1 Qe2 35. Rf2 Qe4 36. fxe5 Rxe5 37. Qf3 Rg5+ 38. Kf1 Qd4 39. Qf7+ Kh7 40. Bb2 1-0